Propaladia de torres naharro (napoles, 1517) /

Guardado en:
Autor Principal: Torres Naharro, Bartolome De
Formato: Libro
Publicado: Madrid : Tipografia De Archivos, 1936
Materias:
Etiquetas: Agregar Etiqueta
Sin Etiquetas, Sea el primero en etiquetar este registro!
LEADER 00493nam a22001455a 4500
001 EHU.bham007921
003 AR-BHAM
005 20100104133133.0
008 130507s1936##################000#0#####d
082 8 6 |a 862.2 
100 1 |a Torres Naharro, Bartolome De 
245 1 0 |a Propaladia de torres naharro (napoles, 1517) /  |c Bartolome De Torres Naharro. 
260 |a Madrid :  |b Tipografia De Archivos,  |c 1936 
653 |a Teatro espaÑol-1370-1516 
859 |a AR-BHAM  |b BIB. HUMANIDADES - General  |h 862.2  |i T636  |p 1310.62  |t Ej.1